Word Ladder: Black Memoir Quiz Stats

 Plays Quiz Updated Aug 10, 2013

Support Sporcle.
Go Orange.
Score 0/44 Timer 04:00
1 Play Today
Hint 4-Letter Word % Correct
Sodium chloride, e.g.SALT
92.5%
Secure a doorLOCK
91.8%
High school athleteJOCK
90.5%
Get an F gradeFAIL
88.8%
Milkshake variantMALT
88.8%
AutumnFALL
88.7%
Skin inkings, for shortTATS
87.6%
US college entrance examsSATS
86.8%
Chinatown's NicholsonJACK
85.7%
Lean to the sideTILT
85.6%
SedimentSILT
85.5%
Roof slateTILE
84.9%
Come up shortLACK
82.3%
Scorsese's '_____ Driver'TAXI
82.2%
Bring down a treeFELL
82%
Fedora materialFELT
81.4%
Doily's materialLACE
81.2%
Bamako's countryMALI
80.4%
KnapsackPACK
80.4%
Lengthy dressMAXI
80.3%
Turner and King Cole, e.g.NATS
80.3%
Necessity for a pre-digital cameraFILM
80%
Hint 4-Letter Word % Correct
Shoe fillersFEET
79.8%
Nourish with sustenanceFEED
78.2%
Musical numberSONG
77.6%
CategorizeFILE
76.9%
Binding agreementPACT
76.7%
Altman's 'The _____ Goodbye'LONG
76.5%
Servings of butterPATS
75.1%
The postman does this twiceRING
75%
Boulevard relativeLANE
74.9%
When doubled, a NY prisonSING
73.2%
'Mon Oncle' director JacquesTATI
71.5%
Hair removal brandNAIR
70.3%
Like a non-foul baseball hitFAIR
70%
'M' director FritzLANG
68%
Intergovernmental military allianceNATO
65.1%
Tough outer layerRIND
65%
Mountain thoroughfare PASS
62.4%
Dark crime fictionNOIR
61.2%
Tear asunderREND
60.9%
'Third Man' director CarolREED
60.2%
Shimura in Kurosawa's Stray DogSATO
59.4%
Tourneur's 'Out of the _____'PAST
59%

Today's Daily Dose

You're not logged in!

Compare scores with friends on all Sporcle quizzes.
OR
Log In

From the Vault

Five-State Borders

by goc3

The answers are all right in front of you. This should be easy, right?
Remove Ads.
Support Sporcle.
Get the best of Sporcle when you Go Orange. This ad-free experience offers more features, more stats, and more fun while also helping to support Sporcle. Thank you for becoming a member.

Show Comments

Extras

Top Quizzes Today


Score Distribution

Your Account Isn't Verified!

In order to create a playlist on Sporcle, you need to verify the email address you used during registration. Go to your Sporcle Settings to finish the process.

Report this User

Report this user for behavior that violates our Community Guidelines.

Details: